Jacqueline Willson books📚📚📚 - Statistics

General Stats
  • This quiz has been taken 54 times
  • The average score is 5 of 8
Answer Stats
Picture Answer % Correct
Candyfloss
92%
The suitcase kid
88%
Cookie
80%
Kiss
71%
The diamond girls
65%
Dustbin baby
63%
Tracy beaker
43%
Lola rose
41%
No matching quizzes found
Score Distribution
Percent of People with Each Score
Percentile by Number Answered
Your Score History
You have not taken this quiz